Città del Trentino-Alto Adige - Morte improvvisa - Statistics

Statistiche generali
  • Questo quiz è stato fatto 283 volte
  • Il punteggio medio è 8 su 15
Answers on the Grid
Answers color-coded by a green-red scale on the quiz's grid according to % correct below.
Ala
Aosta
Arco
Belluno
Bobbio
Bolzano
Borgosesia
Boves
Bressanone
Brunico
Chiusa
Desenzano del Garda
Feltre
Glorenza
Laives
Levico Terme
Merano
Mondovì
Palmi
Pergine Valsugana
Riva del Garda
Rovereto
Salò
Santhià
Schio
Tarvisio
Thiene
Trento
Verona
Vicenza
Vieste
Vipiteno
 
Statistiche sulle risposte
Risposta % Corretto
Bolzano
82%
Trento
70%
Bressanone
68%
Ala
62%
Merano
62%
Brunico
61%
Vipiteno
58%
Arco
56%
Rovereto
52%
Laives
46%
Riva del Garda
45%
Levico Terme
42%
Pergine Valsugana
42%
Chiusa
36%
Glorenza
26%
Nessun quiz corrispondente trovato
Distribuzione punteggi
Percentuale di utenti per punteggio
Percentile per numero di risposta
I tuoi punteggi nel tempo
Non hai fatto questo quiz